Basics of functional integral technique in quantum theory of many-body systems = Co so phuong phap tich phan phiem hàm trong ly thuyet luong tu he nhieu hat
Contents: Non-relativistic fermions; superconducting pairing of fermions on soilds; system of strongly correlated electrons in the lattice.
Uloženo v:
| Hlavní autor: | |
|---|---|
| Médium: | Kniha |
| Jazyk: | Undetermined |
| Vydáno: |
Hà Noi
Vietnam National University Publishing House
1999
|
| Témata: | |
| Tagy: |
Přidat tag
Žádné tagy, Buďte první, kdo otaguje tento záznam!
|
| Thư viện lưu trữ: | Trung tâm Học liệu Trường Đại học Cần Thơ |
|---|
| LEADER | 00919nam a2200217Ia 4500 | ||
|---|---|---|---|
| 001 | CTU_148583 | ||
| 008 | 210402s9999 xx 000 0 und d | ||
| 082 | |a 515.4 | ||
| 082 | |b H309 | ||
| 100 | |a Nguyễn, Văn Hiếu | ||
| 245 | 0 | |a Basics of functional integral technique in quantum theory of many-body systems = | |
| 245 | 0 | |b Co so phuong phap tich phan phiem hàm trong ly thuyet luong tu he nhieu hat | |
| 245 | 0 | |c Nguyen Van Hieu | |
| 260 | |a Hà Noi | ||
| 260 | |b Vietnam National University Publishing House | ||
| 260 | |c 1999 | ||
| 520 | |a Contents: Non-relativistic fermions; superconducting pairing of fermions on soilds; system of strongly correlated electrons in the lattice. | ||
| 650 | |a Calculus,integral,Phương trình vi phân | ||
| 650 | |x Problems, exercises, etc.,Câu hỏi và bài tập | ||
| 904 | |i Tuyến | ||
| 980 | |a Trung tâm Học liệu Trường Đại học Cần Thơ | ||